| 000 | 00000nam##2200000za#4500 |
| 001 | 9.569705 |
| 003 | CaOODSP |
| 005 | 20210624181908 |
| 007 | cr ||||||||||| |
| 008 | 150406|2006||||xxc|||||o f|0| 0 eng|d |
| 040 | |aCaOODSP|beng |
| 043 | |an-cn--- |
| 086 | 1 |aNH18-1/354-2006E-PDF |
| 110 | 2 |aCanada Mortgage and Housing Corporation. |
| 245 | 10|aEconomic assessment of basement system insulation options : |h[electronic resource]|bfinal report / |cby Ted Kesik. |
| 246 | 3 |aEconomic assessment of residential basement system insulation options = Évaluation économique des différentes options d'isolation thermique des sous-sols de bâtiments résidentiels |
| 260 | |aOttawa - Ontario : |bCanada Mortgage and Housing Corporation |cNovember 2006 (main report), January 2007 (Research highlight). |
| 300 | |a78p.|bfigs. (some coloured), tables, photographs |
| 490 | 1 |aResearch report |
| 500 | |aIncludes: Research highlight (Technical series 07-103, January 2007) under the title "Economic assessment of residential basement system insulation options". Y compris : Le point en recherche (Série technique 07-103, janvier 2007) sous le titre « Évaluation économique des différentes options d'isolation thermique des sous-sols de bâtiments résidentiels ». |
| 546 | |a(Comprend du texte en français.) |
| 590 | |a11-26-Supp|b2011-11-03 |
| 720 | 1 |aKesik, Ted |
| 830 | #0|aResearch report (Canada Mortgage and Housing Corporation : Online)|w(CaOODSP)9.506068 |
| 856 | 40|ahttp://publications.gc.ca|qPDF|s2.05 MB|uhttps://publications.gc.ca/collections/collection_2011/schl-cmhc/nh18-1/NH18-1-354-2006-eng.pdf |